Most Famous Author from Each Country - Statistics

General Stats
  • This quiz has been taken 43 times
  • The average score is 18 of 34
Answer Stats
Book Country Author % Correct
1984 India George Orwell
98%
Harry Potter UK J. K. Rowling
95%
Divine Comedy Italy Dante Alighieri
93%
The Great Gatsby USA F. Scott Fitzgerald
93%
The Ugly Duckling Denmark Hans Christian Andersen
93%
The Iliad Greece Homer
93%
War and Peace Russia Leo Tolstoy
90%
The Metamorphosis Czechia Franz Kafka
88%
One Hundred Years of Solitude Colombia Gabriel Garcia Marquez
88%
The Handmaid's Tale Canada Margaret Atwood
88%
The Picture of Dorian Gray Ireland Oscar Wilde
88%
Don Quixote Spain Miguel de Cervantes
80%
The Hunchback of Notre Dame France Victor Hugo
80%
The Stranger Algeria Albert Camus
78%
A Doll's House Norway Henrik Ibsen
70%
Siddhartha Germany Herman Hesse
58%
Things Fall Apart Nigeria Chinua Achebe
50%
The Kite Runner Afghanistan Khaled Hosseini
50%
Twenty Love Poems and a Song of Despair Chile Pablo Neruda
45%
The Library of Babel Argentina Jorge Luis Borges
43%
Blindness Portugal Jose Saramago
38%
Pippi Longstocking Sweden Astrid Lindgren
35%
The Museum of Innocence Turkey Orhan Pamuk
28%
Cry, the Beloved Country South Africa Alan Paton
23%
The Time of the Hero Peru Mario Llosa
23%
The Labyrinth of Solitude Mexico Octavio Paz
18%
Rubaiyat Iran Omar Khayyam
18%
Voss Australia Patrick White
18%
The Man Without Qualities Austria Robert Musil
18%
The Tale of Genji Japan Murasaki Shikibu
15%
A Grain of Wheat Kenya Ngugi wa Thiong'o
10%
The Posthumous Memoirs of Bras Cubas Brazil Machado de Assis
8%
Stiller, Roman Switzerland Max Frisch
8%
Journey to the West China Wu Cheng'en
8%
No matching quizzes found
Score Distribution
Percent of People with Each Score
Percentile by Number Answered
Your Score History
You have not taken this quiz